000
00325nam a2200145Ia 4500
008
210210b1980 xxu||||| |||| 00| 0 eng d
041
_a
eng
082
_a
869/324
100
_a
TRIPATI (Ram Naresh)
245
_a
Subhadra
260
_a
PrayAg
_b
-
_c
1980
650
_a
Subhadra
690
_a
Hindi Fiction
906
_a
024123
999
_c
149085
_d
149085